| 000 | 00523nam a2200181Ia 4500 | ||
|---|---|---|---|
| 005 | 20250530110702.0 | ||
| 008 | 231207s9999 xx 000 0 und d | ||
| 020 | _a9788847003200 | ||
| 040 | _cPK-LaNCA | ||
| 082 |
_a502.2 _bIMA |
||
| 100 | _aTermini, Settimo(Editor) | ||
| 245 | 0 |
_aImagination and rigor _cEdited by Settimo Termini |
|
| 260 |
_bSpringer-Verlag _aItalia _c2006 |
||
| 300 | _axii, 186p | ||
| 546 | _aEnglish | ||
| 650 | _aScientific heritage--Essays, Scientific research, Cybernetic | ||
| 942 | _cM.PHIL. | ||
| 999 |
_c26325 _d26325 |
||